Score 0/33 Timer 08:00
0 Plays Today
Can you name the Hogwarts staff? Answer % Correct
Defense Against the Dark Arts (HBP)Severus Snape
97.6%
Care of Magical CreaturesRubeus Hagrid
97.6%
PotionsSeverus Snape
97.6%
CharmsFilius Flitwick
93.9%
Headmaster / TransfigurationAlbus Dumbledore
93.9%
Defense Against the Dark Arts (CoS)Gilderoy Lockhart
93.9%
CaretakerArgus Filch
93.3%
Defense Against the Dark Arts (PoA)Remus Lupin
93.3%
Defense Against the Dark Arts (OotP)Dolores Jane Umbridge
93.3%
Defense Against the Dark Arts (GoF)Alastor Moody
93.3%
HerbologyPomona Sprout
93.3%
Defense Against the Dark Arts (PS)Quirinus Quirrell
92.7%
DivinationSybill Trelawney
92.7%
TransfigurationMinerva McGonagall
92.1%
Flying InstructorRolanda Hooch
91.5%
PotionsHorace Slughorn
91.5%
Herbology 19 Years LaterNeville Longbottom
89%
Can you name the Hogwarts staff? Answer % Correct
Dark ArtsCarrows
87.3%
DivinationFirenze
86.7%
History of MagicCuthbert Binns
86.1%
MatronPoppy Pomfrey
86.1%
LibrarianIrma Pince
84.8%
Care of Magical Creatures SubstituteWilhelmina Grubbly-Plank
82.4%
AstronomyAurora Sinistra
82.4%
Previous HeadmasterPhineas Nigellus Black
77.6%
ArithmancySeptima Vector
77%
Previous HeadmasterArmando Dippet
77%
Muggle StudiesCharity Burbage
76.4%
Previous Care of Magical CreaturesSilvanus Kettleburn
65.5%
Previous GamekeeperOgg
45.5%
Previous HeadmasterDilys Derwent
42.4%
Previous Defense Against the Dark ArtsGalatea Merrythought
42.4%
Previous HeadmasterEverard
29.1%
Remove Ads.
Support Sporcle.
Get the best of Sporcle when you Go Orange. This ad-free experience offers more features, more stats, and more fun while also helping to support Sporcle. Thank you for becoming a member.

You're not logged in!

Compare scores with friends on all Sporcle quizzes.
OR
Log In

Show Comments

Extras

Top Quizzes Today


Score Distribution

Your Account Isn't Verified!

In order to create a playlist on Sporcle, you need to verify the email address you used during registration. Go to your Sporcle Settings to finish the process.

Report this User

Report this user for behavior that violates our Community Guidelines.

Details: